中国大陆麦当劳常规单品All Single Products in McDonald's in China Mainland - Statistics

General Stats
  • This quiz has been taken 98 times
  • The average score is 17 of 45
Answer Stats
答案 % Correct
薯条
92%
可口可乐
88%
麦乐鸡
80%
巨无霸
74%
麦辣鸡腿汉堡
68%
麦旋风
67%
板烧鸡腿堡
65%
双层吉士汉堡
65%
麦香鱼
64%
雪碧
63%
麦香鸡
62%
麦辣鸡翅
62%
61%
汉堡包
50%
苹果片
49%
那么大鸡排
48%
鲜煮咖啡
48%
新地
46%
纯牛奶(盒装)
45%
玉米杯
42%
锡兰红茶
40%
吉士汉堡包
38%
麦麦脆汁鸡
35%
美汁源阳光橙
29%
无糖可口可乐
28%
热朱古力
26%
冰露/纯悦
26%
阳光柠檬红茶
23%
不素之霸双层牛堡
21%
酥酥多笋卷
16%
双层深海鳕鱼堡
15%
100%苹果汁
15%
怡泉+C
14%
培根蔬萃双层牛堡
13%
培根安格斯厚牛堡
13%
圆筒冰激凌
13%
芝士安格斯厚牛堡
12%
脆脆薯条
11%
麦麦趣鸡球
8%
麦炫酷
8%
红油添香风味小酥肉
4%
金拱门堡
3%
金拱豪门堡
2%
培根双层安格斯厚牛堡
2%
芝士双层安格斯厚牛堡
2%
No matching quizzes found
Score Distribution
Percent of People with Each Score
Percentile by Number Answered
Your Score History
You have not taken this quiz